000 00419nam a22001817a 4500
003 MPLRDC
005 20220104145141.0
008 210129b ||||| |||| 00| 0 eng d
020 _a7-80009-640-8
082 _a541.3 TKL
100 _a谭克良
245 _a谎言的魔力
_c
250 _a初版
260 _a
_b时事出版社
_c2001
300 _b
650 _a文化人类学
942 _cBK
_o541.3 TKL
999 _c51163
_d51153